000 00292nam a22001337a 4500
008 170526b xxu||||| |||| 00| 0 eng d
020 _a9780136782285
041 _aeng
080 _a621.3
100 _a27
101 _aIM
245 _aELECTRIC POWER SYSTEMS
_cTORO, V.D
942 _2udc
_cBK
999 _c14544
_d14544